Loading...

Theoretical Astrophysics:stars and stellar systems V.II

Bibliographic Details
Main Author: Padmanabhan,T
Format: Printed Book
Published: Cambridge CUP 2000
Subjects:
LEADER 00571nam a22001457a 4500
020 |a 978-1-107-40059-7 
082 |a 523.01  |b PAD 
100 |a Padmanabhan,T 
245 |a Theoretical Astrophysics:stars and stellar systems V.II 
260 |a Cambridge   |b CUP  |c 2000 
300 |a xix,601  |b vol.1-Astrophysical processes 
650 |a Astrophysical processes  |a stars and stellar systems 
942 |c BK 
999 |c 127275  |d 127271 
952 |0 0  |1 0  |4 0  |6 523_010000000000000_PAD  |7 0  |8 NFIC  |9 125151  |a SPAP  |b SPAP  |c GEN  |d 2016-06-24  |e Current Books  |g 595.00  |l 0  |o 523.01 PAD  |p SPAP3246  |r 2016-06-24  |w 2017-10-04  |y BK